000 01582cam a2200373 4500
001 X113172
008 000000n2001 000 0 eng u
035 _a(Sirsi) u113172
100 _aDowden, M.
245 _aLandlord and tenant update
260 _c2001
490 _aJournal of Property Investment and Finance
_v19(3) 2001, 322-329(18)
520 _aCovers rent deposits, actionable interference with easements, the Landlord and Tenant (Covenants) Act 1995, and repairing obligations. Case law.
650 _aB&Q PLC V LIVERPOOL & LANCASHIRE PROPERTIES LTD
650 _aCOMPANIES ACT 1985 S395
650 _aDEAJAN PROPERTIES LTD V GORDON BLOOM
650 _aEASEMENTS
650 _aFORRESTER V UYCF LTD
650 _aHALLISEY V PETMOOR DEVELOPMENTS
650 _aHOLDING & BARNES PLC V HILL HOUSE HAMMOND
650 _aICS V WEST BROMWICH BUILDING SOCIETY
650 _aLANDLORD AND TENANT (COVENANTS) ACT 1995
650 _aLIVERPOOL CITY COUNCIL V IRWIN
650 _aMANNAI INVESTMENT CO LTD V EAGLE STAR LIFE ASSURANCE CO LTD UK
650 _aMOHAMMED SHAFI OBARAY (LIQUIDATOR OF GREENPORT LTD IN LQUIDATION) V GATEWAY (LONDON) LTD SUB NOM IN THE MATTER OF GREENPORT LTD (IN LIQUIDATION)
650 _aO'MAY V CITY OF LONDON REAL PROPERTY COMPANY LTD
650 _aOBARARY V GATEWAY (LONDON) LTD
650 _aPOST OFFICE V AQUARIUS PROPERTIES LTD
650 _aRENT DEPOSITS
650 _aREPAIRING OBLIGATIONS
650 _aWALLIS FASHION GROUP LTD V CGU LIFE ASSURANCE LTD
690 _aLANDLORD AND TENANT-CASE LAW
942 _n0
999 _c67393
_d67393